Music Quiz

Random Music or Artist Quiz

Spice Girls Quiz Stats

 Plays Quiz Updated Jul 10, 2019

Score 0/5 Timer 00:30
1 Play Today
Name Spice % Correct
Victoria BeckhamPosh Spice
96.2%
Emma BuntonBaby Spice
92.9%
Mel CSporty Spice
92.7%
Mel BScary Spice
90.2%
Geri HalliwellGinger Spice
85.9%

You're not logged in!

Compare scores with friends on all Sporcle quizzes.
OR
Log In

Sporcle TV

Today on Sporcle TV


Watch our educational content, quiz creation guides, and fun videos on Sporcle TV.

Show Comments

Extras

Top Quizzes Today


Score Distribution

Your Account Isn't Verified!

In order to create a playlist on Sporcle, you need to verify the email address you used during registration. Go to your Sporcle Settings to finish the process.

Report this User

Report this user for behavior that violates our Community Guidelines.

Details: